000 00445cam a22001934a 4500
005 20250605164255.0
008 250528s ||||||||||||||||||||||||d
035 _a21924
020 _a9780174323648
040 _aGR-AtMCL
_bgre
_dGR-AtMCL
_eAACR2
245 1 _aADAM'S ARK
250 _a1
260 _bMacmillan Press Ltd,
_c1975
300 _a58
700 1 _aHodgson Harold
_97807
942 _cBK
999 _c6981
_d6981